载入...
Water-Tank -Filling Guard System: Bharathan,k
| 语言: | Undetermined |
|---|
| LEADER | 00403nab a2200109Ia 4500 | ||
|---|---|---|---|
| 008 | 170811c99999999xx |||||||||||| ||und|| | ||
| 245 | |a Water-Tank -Filling Guard System: Bharathan,k | ||
| 300 | |a 104-105 | ||
| 773 | |t Electronics For You |g Vol. 42 No. 11 (Nov 2010) 2010 | ||
| 942 | |c ART | ||
| 999 | |c 175860 |d 175860 | ||
| 952 | |0 0 |1 0 |4 0 |7 0 |9 241708 |a LIB |b LIB |d 2017-08-13 |h Vol. 42 No. 11 (Nov 2010) 2010 |r 2017-08-13 |w 2017-08-13 |y ART | ||